00934nas a2200289 4500001001300000003000900013005001700022007000300039008003400042040005400076041000900130072000800139100001700147100001700164100001400181100001800195100002100213100001700234100001900251100001800270245018100288650001100469650001600480650001800496650002000514773011000534BR2011004942BR-BrBNA20231205115546.0ta230509b bl.|||p| |||| 00| 00por d aBR-BrBNAbporcBiblioteca Nacional de Agricultura a(Pt) aL731 aArruda, L.P.1 aNakazato, L.1 aDutra, V.1 aLemos, R.A.A.1 aNogueira, A.P.A.1 aCruz, R.A.S.1 aPescador, C.A.1 aColodel, E.M.1 aDetecção molecular de herpesvírus bovino 1 e 5 em amostras de encéfalo conservadas em formol e emblocadas em parafina provenientes de bovinos com doença neurológica aBOVINO aHERPESVIRUS aDIAGNÓSTICO aSISTEMA NERVOSO0 tPesquisa Veterinária Brasileira (Brazil)xISSN 0100-736Xg(Aug 2010), v. 30(8) p. 646-650wBR2011004942